Normal view MARC view
  • Abella García, Víctor

Entry Nombre Personal

Number of records used in: 1

001 - NUMERO DE CONTROL

  • campo de control: 46915

003 - IDENTIFICADOR DE NUMERO DE CONTROL

  • campo de control: UPN

005 - FECHA Y HORA DE LA ÜLTIMA TRANSACCIÓN

  • campo de control: 20220930101416.0

008 - DATOS DE LONGITUD FIJA

  • campo de control de longitud fija: 220930|| acn||aabn | a|a d

040 ## - FUENTE DE CATALOGACIÓN

  • Agencia original de catalogación: MX-MxUPN

100 ## - ENCABEZAMIENTO - NOMBRE PERSONAL

  • Nombre personal: Abella García, Víctor

370 ## - LUGAR ASOCIADO

  • Associated country: España

371 ## - DIRECCIÓN

  • Address: vabella@ubu.es

372 ## - CAMPO DE ACTIVIDAD

  • Field of activity: Ciencias de la educación
  • Field of activity: Ciencias sociales y jurídicas

373 ## - GRUPO ASOCIADO

  • Associated group: Universidad de Burgos. Facultad de Educación. Departamento de Ciencias de la Educación

374 ## - OCUPACIÓN

  • Occupation: Profesor - Investigador universitario

400 ## - VEÁSE - NOMBRE DE PERSONA

  • Personal name: Abella, V.

670 ## - FUENTE EN LA QUE SE LOCALIZARON DATOS

  • Cita de la fuente: En sitio web: Universidad de Burgos
  • Información localizada: Portal de la investigación (Víctor Abella García)
  • Uniform Resource Identifier: https://investigacion.ubu.es/investigadores/34939/detalle

902 ## - CATALOGADOR

  • Catalogador: BLSM /300922